El Delito de Quiebra de Sociedades : (Record no. 3406)
[ view plain ]
| 000 -CABECERA | |
|---|---|
| campo de control de longitud fija | 00785nam a22002415a 4500 |
| 001 - NUMERO DE CONTROL | |
| campo de control | 003054 |
| 003 - IDENTIFICADOR DE NUMERO DE CONTROL | |
| campo de control | armpunfd |
| 005 - FECHA ULTIMA MODIFICACION | |
| campo de control | 20190409164329.0 |
| 008 - ELEMENTOS DE LONGITUD FIJA -- INFORMACION GENERAL | |
| campo de control de longitud fija | 141009s2000####ag############000#0#und#d |
| 020 ## - NUMERO INTERNACIONAL NORMALIZADO PARA LIBROS (ISBN) | |
| International Standard Book Number | 9508942274 |
| 080 ## - NUMERO DE CLASIFICACION DECIMAL UNIVERSAL (CDU) | |
| Número de la Clasificación Decimal Universal | 347.736 R 122 |
| 100 1# - ASIENTO PRINCIPAL--NOMBRE PERSONAL | |
| Nombre personal | Rafecas, Daniel Eduardo. |
| 245 10 - MENCION DE TITULO | |
| Título propiamente dicho | El Delito de Quiebra de Sociedades : |
| Mención de responsabilidad, etc. | El Art. 178 del Codigo Penal de acuerdo con la ley 24522. Aspectos comerciales y Penales. Apéndice de Jurisprudencia con sentencias condenatorias y Absolutorias recientes. |
| 260 ## - PUBLICACION, DISTRIBUCION, ETC. (PIE DE IMPRENTA) | |
| Lugar de publicación, distribución, etc. | Buenos Aires : |
| Nombre del editor, distribuidor, etc. | Ad- Hoc, |
| Fecha de publicación, distribución, etc. | 2000. |
| 300 ## - DESCRIPCION FISICA | |
| Extensión | 254 P. |
| 650 #7 - ASIENTO SECUNDARIO DE MATERIA - TERMINO TEMATICO | |
| Término temático o nombre geográfico como elemento de entrada | Concursos |
| Fuente del encabezamiento o término | LEMB |
| 650 #7 - ASIENTO SECUNDARIO DE MATERIA - TERMINO TEMATICO | |
| Término temático o nombre geográfico como elemento de entrada | Ley 24522 |
| Fuente del encabezamiento o término | LEMB |
| 650 #7 - ASIENTO SECUNDARIO DE MATERIA - TERMINO TEMATICO | |
| Término temático o nombre geográfico como elemento de entrada | Quiebra Fraudulenta |
| Fuente del encabezamiento o término | LEMB |
| 650 #7 - ASIENTO SECUNDARIO DE MATERIA - TERMINO TEMATICO | |
| Término temático o nombre geográfico como elemento de entrada | Quiebras |
| Fuente del encabezamiento o término | LEMB |
| 651 ## - ASIENTO SECUNDARIO DE MATERIA - NOMBRE GEOGRAFICO | |
| Fuente del encabezamiento o término | LEMB |
| 945 ## - INFORMACION DE PROCESAMIENTO LOCAL | |
| Responsable de carga/modificación | Celeste Delía |
| Fecha de ingreso o modificación | 2014-10-09 |
| Retirado | Perdido | Dañado | No se presta | Ubicación permanente | Locación actual | Estante o sala | Fecha de adquisición | Signatura topográfica | Inventario | Ultima fecha vista | Tipo de item de Koha |
|---|---|---|---|---|---|---|---|---|---|---|---|
| Bib. Derecho | Bib. Derecho | Biblioteca Graduados | 09/12/2014 | 347.736 R 122 | 300997 | 23/08/2018 | LIBRO (Consulta) |
